000 00875nam a2200229 a 4500
001 000008967
005 20200929161443.0
008 090922s1988 dr 000 p spa d
040 _aDO-SdBNP
_bspa
_cBNPHU
082 _aRD861.44
_bS615o
245 0 0 _aSin otro profeta que su canto :
_bantología de poesía escrita por dominicanas /
_cSelección y prólogo Daisy Cocco de Filippis.
260 _aSanto Domingo :
_bTaller,
_c1988.
300 _a231 p. ;
_c24 cm.
490 1 _aBiblioteca Taller
_v263
504 _aIncluye referencias bibliográficas y notas al pie de las páginas
590 _aInventariado, 2019 / DG
650 4 _aPoesía dominicana
_xColecciones
_9351
650 4 _aLiteratura dominicana
_xColecciones
_9352
700 1 2 _aCocco de Filippis, Daisy,
_epról.
_923566
830 0 _aBiblioteca Taller
_n263
_923567
910 _aValidado. Control de calidad MFF
999 _c8731
_d8731